000 00630cam a22002293a 4500
001 28890
003 PGUSA
005 20140828083627.0
008 090520s2009||||xxu|||||s|||||000 | eng d
040 _aPGUSA
_beng
042 _adc
050 4 _aPA
100 1 _aLuce, Edmund
245 1 0 _aHelps to Latin Translation at Sight
_h[electronic resource] /
_cEdmund Luce
260 _bProject Gutenberg,
_c2009
506 _aPublic domain in the USA.
516 _aElectronic text
653 _aLatin language -- Readers
830 0 _aProject Gutenberg
_v28890
856 4 0 _uhttp://www.gutenberg.org/ebooks/28890
942 _cEB
999 _c258145
_d258145